Music Quiz

Random Music or Kpop Quiz

Guess kpop idols (sexy) Quiz Stats

 Plays Quiz not verified by Sporcle

Challenge
Share
Tweet
Score 0/18 Timer 18:00
0 Plays Today
% Correct
Jackson
94.6%
Xiumin
93.5%
JB
92.7%
Minho
89%
Jonghyun
87.6%
Shownu
85%
G Dragon
84.1%
Zico
82.7%
V
82.3%
% Correct
Jooheon
80.6%
Taeyang
77.1%
Mino
72.4%
Hongbin
68.5%
P.O
66.4%
Ilhoon
63.8%
Yongguk
60.1%
Yonghwa
54.2%
Junhyung
28.7%

You're not logged in!

Compare scores with friends on all Sporcle quizzes.
Join for Free
OR
Log In

You Might Also Like...

Show Comments

Extras

Top Quizzes Today


Score Distribution

Your Account Isn't Verified!

In order to create a playlist on Sporcle, you need to verify the email address you used during registration. Go to your Sporcle Settings to finish the process.

Report this User

Report this user for behavior that violates our Community Guidelines.

Details: